000 00752cam a2200217 4500
001 WB364036
008 000000n2000 000 0 eng u
035 _a(Sirsi) u108740
245 _aConservation can pay off
260 _c2000
490 _aEstates Gazette
_v(0040) 7 October 2000, 63(1)
520 _aTrials of a technique for evaluating sustainability, Comprehensive Project Evaluation, have been so successful that the Environment Agency is to try it out for itself.
590 _aWB
650 _aCOMPREHENSIVE PROJECT EVALUATION
650 _aSustainability
_96271
650 _aSUSTAINABLE DEVELOPMENT
650 _aENVIRONMENTAL QUALITY
650 _aCONSERVATION MANAGEMENT
690 _aRURAL-NATURE CONSERVATION
942 _n0
999 _c64917
_d64917